000 00622nam a22001817a 4500
005 20251108171138.0
008 250721s9999 xx 000 0 ara d
082 1 4 _aط/536/بار
100 1 _aباركر، برتاموريس
245 1 0 _aالحرارة /
264 1 _aالقاهرة :
_bالجمعية المصرية لنشر المعرفة والثقافة العالمية،
_c[19-].
300 _a34ص
490 0 _aمجموعة الكتب العلمية المبسطة ، 2
650 1 7 _aالحرارة
700 1 _aالمنياوي، عبد الفتاح
_eترجمة
942 _2ddc
_cBK
999 _c57762
_d57762